| 000 | 00759nam a2200205 a 4500 | ||
|---|---|---|---|
| 001 | 000045745 | ||
| 005 | 20201002052424.0 | ||
| 008 | 150511s2012 flu 000 0 spa d | ||
| 020 | _a9781593882341 | ||
| 040 |
_aDO-SdBNP _bspa _cBNPHU |
||
| 082 |
_axxxx _bxxxx |
||
| 100 | 1 |
_aCabrera Leiva, Guillermo, _d1991- _973806 |
|
| 245 | 1 | 0 |
_aAmerican protestantism in the Spanish antilles until 1898 / _cGuillermo Cabrera Leiva. |
| 260 |
_aMiami, Florida : _bEdiciones Universal, _c2012. |
||
| 300 |
_a74 p. ; _c23 cm. |
||
| 490 | 1 |
_aHispanic American _v16 |
|
| 500 | _aIncluye datos biográficos del autor en la solapa de la contracubierta | ||
| 500 | _aIncluye referencias bibliográficas y notas al pie de las páginas | ||
| 830 | 0 |
_aHispanic American. _n16 _973807 |
|
| 999 |
_c45234 _d45234 |
||